| 000 | 00906nam a2200205 u 4500 | ||
|---|---|---|---|
| 001 | 000559490 | ||
| 003 | AM-YeHGA | ||
| 005 | 20250617140316.0 | ||
| 008 | 071130s1988 ||| r 000 0 rus d | ||
| 020 | _z5-89840-084-4 | ||
| 040 | _aAM-YeHGA | ||
| 041 | 0 | _arus | |
| 100 | 1 |
_aВысоцкий, Владимир Семенович _d1938-1980. |
|
| 245 | 1 | 0 |
_aНерв : _b[Стихи] / _cВладимир Высоцкий. |
| 260 |
_aАлма-Ата : _bОнер, _c1988. |
||
| 300 |
_a191 с. : _b[16] л. ил. |
||
| 505 | 0 | _aПесня певца у микрофона; Циклы: Мы вращаем землю; Знаки Зодиака; Клич глашатаев; Калейдоскоп; Спорт, спорт!.; Занозы; Черное золото; Баллада о любви; Бег иноходца; Мой Гамлет | |
| 653 | 0 | _aРусская поэзия | |
| 090 | _c219137 | ||
| 999 |
_c217612 _d217612 |
||